000
00321nam a22001457a 4500
003
SGT
082
_a
800
_b
J33J
100
_a
JAIN ,VRASHABH PRASAD
245
_a
JAINA -SIDHANTA
250
_a
1ST
260
_a
NEW DELHI
_b
AKHILA BHARTAVARSIYA
_c
1933
300
_a
284
650
_a
MASS COMMUNICATION
942
_2
ddc
_c
BK
999
_c
12811
_d
12811